Ở hai đầu đất nước Tập truyện ký
Uloženo v:
| Hlavní autor: | |
|---|---|
| Další autoři: | , |
| Médium: | Kniha |
| Vydáno: |
H.
Phụ nữ
1979
|
| Témata: | |
| Tagy: |
Přidat tag
Žádné tagy, Buďte první, kdo otaguje tento záznam!
|
| Thư viện lưu trữ: | Trung tâm Học liệu Lê Vũ Hùng, Trường Đại học Đồng Tháp |
|---|
| LEADER | 00786pam a22002298a 4500 | ||
|---|---|---|---|
| 001 | 00020697 | ||
| 005 | 20171026081022.0 | ||
| 008 | 110519s1979 ||||||Viesd | ||
| 041 | 0 | # | |a Vie |
| 082 | 1 | 4 | |a 895.922 803 |b Ơ460H |
| 100 | 0 | # | |a Hồng Dương |
| 245 | 0 | 0 | |a Ở hai đầu đất nước |b Tập truyện ký |c Hồng Dương, Nguyễn Thị Thanh Bình, Ma Văn Kháng |
| 260 | # | # | |a H. |b Phụ nữ |c 1979 |
| 300 | # | # | |a 84 tr. |c 19 cm. |
| 653 | # | # | |a Truyện ký |
| 653 | # | # | |a Văn học |
| 700 | 0 | # | |a Ma Văn Kháng |
| 700 | 0 | # | |a Nguyễn Thị Thanh Bình |
| 852 | # | # | |b Kho đọc |j KD.0006130 |
| 852 | # | # | |j KD.0006130 |
| 910 | 0 | # | |a Đức |d 19/05/2011 |
| 980 | # | # | |a Trung tâm Học liệu Lê Vũ Hùng, Trường Đại học Đồng Tháp |